000 00617cam a22002291 4500
001 9382145
005 20180119052329.0
008 740219s1963 nyu b 000 0 eng
010 _a 63011930
035 _a(OCoLC)807318
040 _aDLC
_cOKentU
_dOCoLC
_dOAkU
_dDLC
041 _aeng
042 _apremarc
080 _a332.15
082 _a332.15 WAS
100 1 _a56
101 _aFIN
245 1 0 _aInternational finance,
_cby Max J. Wasserman, Charles W. Hultman [and] Laszlo Zsoldos.
504 _aIncludes bibliography.
906 _a7
_bcbc
_coclcrpl
_du
_encip
_f19
_gy-gencatlg
942 _2ddc
_cBK
999 _c40564
_d40564